Os músicos de Bremen e... (Registo nº 3989)

Detalhes MARC
000 -Etiqueta do registo
Cabeçalho 00560nam a2200229 4500
005 - Identificador da versão
Campo de controlo 20240813122050.0
010 ## - Número internacional normalizado dos livros (ISBN)
Número (ISBN) 9727301517
Modalidade de aquisição e/ou preço ? 2.24
021 ## - Número do Depósito Legal
Código do país PT
100 ## - Dados gerais de processamento
Dados gerais de processamento 20040330d2001 c y0pory5003 ba
102 ## - Pais de publicação ou produção
País de publicação Portugal
101 1# - Língua de publicação
Língua do texto, banda sonora, etc. Português
215 ## - Descrição física 
Indicação específica da natureza do documento e extensão da espécie [16] p.
Outras indicações físicas il.
200 1# - Titulo e menção de responsabilidade
Título próprio Os músicos de Bremen e...
Primeira menção de responsabilidade trad. e adapt. F. Melro
205 ## - Menção da edição
Menção da edição 3.ª ed
210 ## - Publicação, Distribuição, etc. 
Lugar da edição, distribuição, etc. Sintra
Nome do editor, distribuidor, etc. Marus Editores
Data da publicação, distribuição, etc. 2001
675 ## - Classificação Decimal Universal (CDU)
Notação 82-93
Edição BN
Língua da edição por
702 #1 - Nome de autor-pessoa física (responsabilidade secundária)
Número de registo de entrada de autoridade 0000461
Palavra de ordem Melro
Outra parte do nome não tomada para palavra de ordem F.
Código de função Tradutor
942 ## - Elementos de entrada adicionados (Koha)
Tipo de item no Koha Livro
Exemplares
Situação do levantamento Origin of item (home branch) (coded) Biblioteca de empréstimo Código de barras Cota Circulation type (not for loan) Tipo de documento Nota do exemplar Damaged status
  Biblioteca Escolar das Vendas Biblioteca Escolar das Vendas BEV1466 8POR MAR   Livro Sem mensagem